000 01053cam a22001814a 4500
005 20250605163454.0
008 250528s ||||||||||||||||||||||||d
035 _a19951
020 _a195215621
040 _aGR-AtMCL
_bgre
_dGR-AtMCL
_eAACR2
245 1 _aHuman Development Report 1999
260 _bOxford University Press,
_c1999
300 _a266
520 _aThis year's report argues that globalization is not new, but that the present era of globalization, driven by competitive global markets, is outpacing the governance of markets and the repercussions on people. Ten years of Human Development, Human Development in this Age of Globalization, New Technologies and the Global Race for Knowledge, The Invisible Heart - Care and the Global Economy, National Responses to Make Globalization Work for Development, Reinventing Global Governance - for Humanity and Equity, References, Special Contributions, Boxes, Annex Tables, Box Tables, Figures, Human Development Indicators, Index.
942 _cBK
999 _c5189
_d5189